| 000 | 00754nam a22002177a 4500 | ||
|---|---|---|---|
| 003 | 0 | ||
| 005 | 20250925094919.0 | ||
| 008 | 250925b xxu||||| |||| 00| 0 eng d | ||
| 020 | _a978-1-98469-502-4 | ||
| 050 |
_aHG 1730 _b.G74 2025 |
||
| 100 |
_aGreen, Jason, _eauthor. |
||
| 245 |
_aFintech and financial innovations / _cJason Green. |
||
| 260 |
_aNew York, NY : _b3G E-Learning LLC, _c2025. |
||
| 300 |
_axx, 287 pages : _bcolored illustrations ; _c26 cm. |
||
| 504 | _aIncludes bibliographical references and index. | ||
| 650 | _aFinancial technology. | ||
| 650 |
_aFinancial institutions _xTechnological innovations. |
||
| 650 |
_aFinancial services industry _xTechnological innovations. |
||
| 650 | _aInnovation in business. | ||
| 942 |
_2lcc _cBK |
||
| 999 |
_c368092 _d368092 |
||